Shah Abdul Latif's immortal song: the Song of Kinjhar Lake. (Record no. 56804)
[ view plain ]
| 000 -LEADER | |
|---|---|
| fixed length control field | 00828cam a22002651 4500 |
| 001 - CONTROL NUMBER | |
| control field | sa 64001558 |
| 003 - CONTROL NUMBER IDENTIFIER | |
| control field | DLC |
| 005 - DATE AND TIME OF LATEST TRANSACTION | |
| control field | 20260227112003.0 |
| 008 - FIXED-LENGTH DATA ELEMENTS--GENERAL INFORMATION | |
| fixed length control field | 870805s1963 pk 000 0 eng |
| 010 ## - LIBRARY OF CONGRESS CONTROL NUMBER | |
| LC control number | sa 64001558 |
| 025 ## - OVERSEAS ACQUISITION NUMBER | |
| Overseas acquisition number | PL480:P-E-375 |
| 035 ## - SYSTEM CONTROL NUMBER | |
| System control number | (OCoLC)16393389 |
| 040 ## - CATALOGING SOURCE | |
| Original cataloging agency | DLC |
| Transcribing agency | WaU |
| Modifying agency | DLC |
| 041 0# - LANGUAGE CODE | |
| Language code of text/sound track or separate title | engsnd |
| 042 ## - AUTHENTICATION CODE | |
| Authentication code | premarc |
| 050 00 - LIBRARY OF CONGRESS CALL NUMBER | |
| Classification number | PK2788.9.A2 |
| Item number | S625 |
| 100 1# - MAIN ENTRY--PERSONAL NAME | |
| Personal name | Hotchand, Tirithdas. |
| 245 00 - TITLE STATEMENT | |
| Title | Shah Abdul Latif's immortal song: the Song of Kinjhar Lake. |
| 250 ## - EDITION STATEMENT | |
| Edition statement | [1st ed.] |
| 260 ## - PUBLICATION, DISTRIBUTION, ETC. | |
| Place of publication, distribution, etc. | Hyderabad, |
| -- | Sind, |
| Name of publisher, distributor, etc. | Pardeep Publications |
| Date of publication, distribution, etc. | [1963] |
| 300 ## - PHYSICAL DESCRIPTION | |
| Extent | 127 p. |
| Dimensions | 19 cm. |
| 490 0# - SERIES STATEMENT | |
| Series statement | Pardeep publication, |
| Volume/sequential designation | no. 3 |
| 500 ## - GENERAL NOTE | |
| General note | Includes text of the song in English and Sindhi. |
| 600 10 - SUBJECT ADDED ENTRY--PERSONAL NAME | |
| Personal name | ʻAbd al-Laṭīf, |
| Titles and other words associated with a name | Shah, |
| Dates associated with a name | approximately 1689-approximately 1752. |
| Title of a work | Song of Kinjhar Lake. |
No items available.